000 00325nam a2200145Ia 4500
100 _aSpiegel/ Murray/R
942 _cBK
654 _aHandbook
245 _aMathematical Handbook : Formulas & Tables
260 _bSchaums outline series
_c1968
082 _a511
_bSPI
300 _a271
546 _aENGLISH
999 _c19570
_d19570